|
|
|
|
| LEADER |
00000naa a2200000uu 4500 |
| 001 |
vtls011034058 |
| 003 |
SK-MaSNL |
| 005 |
20260302124811.0 |
| 008 |
210907|2002 xo |||||||||||||||||eng| |
| 015 |
|
|
|a SNBRA
|
| 035 |
|
|
|a (urnnbn)urn:nbn:sk:snk:ar-008sjo
|
| 035 |
|
|
|a (uuid)1cf1f053-ab71-418c-abfa-7988e61c4d7e
|
| 035 |
|
|
|a urn:nbn:sk:snk-aauods
|
| 040 |
|
|
|a SNKBUCL
|b slo
|c SNKBUCL
|e AACR2
|
| 041 |
0 |
|
|a eng
|
| 044 |
|
|
|a xo
|c SK
|
| 100 |
1 |
|
|a Minkov, K.
|4 aut
|9 811152
|
| 245 |
1 |
0 |
|a How the shaft angle of hyperbolic gearing influences on its efficiency and forces
|c K. Minkov
|
| 773 |
0 |
|
|t Dynamics of Gear Drives
|d In Bratislava : Slovak University of Technology, 2002
|g S. 33
|z 8022717088
|
| 958 |
|
|
|a OND
|
| 958 |
|
|
|a article12
|
| 958 |
|
|
|a chapter
|
| 999 |
|
|
|c 1290174
|d 1292104
|